[Event "Challenge"]
[Site "http://www.queenalice.com/game.php?id=377332"]
[Date "2008.3.26"]
[Round "-"]
[White "Red1"]
[Black "davi21"]
[Result "0-1"]
[WhiteElo "1316"]
[BlackElo "1465"]

1. d4 d5 2. c4 dxc4 3. e4 b5 4. Na3 c6 5. Nf3 Bg4 6. h3 Bxf3 7. gxf3 e6 8. Be3
Bb4+ 9. Bd2 c3 10. Bxc3 Be7 11. Rg1 b4 12. Nc4 bxc3 13. bxc3 Nf6 14. Rxg7 Na6
15. Rg1 Nh5 16. Rg5 Bxg5 17. Ne3 Qa5 18. Nc4 Qxc3+ 19. Ke2 Nf4# 0-1

[Event "Challenge"]
[Site "http://www.queenalice.com/game.php?id=378304"]
[Date "2008.3.28"]
[Round "-"]
[White "Leijoto"]
[Black "Red1"]
[Result "1-0"]
[WhiteElo "1371"]
[BlackElo "1320"]

1. e4 e5 2. Bc4 d6 3. Qf3 Be6 4. d3 Nc6 5. c3 Na5 6. Na3 Nxc4 7. dxc4 c6 8. Ne2
d5 9. cxd5 cxd5 10. O-O Qd7 11. Be3 Bg4 12. Qg3 Bxe2 13. Rfe1 Ba6 14. Rad1 h5
15. Rxd5 Qc6 16. Qxe5+ Qe6 17. Qd4 Qb6 18. Qa4+ Bb5 19. Nxb5 Qd8 20. Nc7+ Ke7
21. Qb4+ Kf6 22. e5+ Kf5 23. e6+ Qxd5 24. Qf4+ Kg6 25. Nxd5 Rd8 26. Qxf7+ Kh7
27. Qxh5+ 1-0

[Event "Challenge"]
[Site "http://www.queenalice.com/game.php?id=382449"]
[Date "2008.4.5"]
[Round "-"]
[White "soccer6"]
[Black "Red1"]
[Result "1/2-1/2"]
[WhiteElo "1520"]
[BlackElo "1355"]

1. d4 d5 2. Nc3 Nc6 3. Nxd5 Qxd5 4. e3 Bd7 5. b3 e6 6. Bc4 Qf5 7. Qf3 Be7 8. g4
Qxf3 9. Nxf3 Nf6 10. Bf1 Nxg4 11. h3 Nf6 12. Bg2 Bd6 13. Kf1 e5 14. c3 h5 15.
Kg1 Ne4 16. Bb2 Nd2 17. Nxd2 Bf5 18. e4 Bg6 19. a3 O-O-O 20. b4 Rhe8 21. Rf1 Re6
22. c4 Nxd4 23. Re1 Nc2 24. Re2 Nxb4 25. axb4 Bxb4 26. Nb3 Ra6 27. Bxe5 Ra3 28.
Nc1 Rd1+ 29. Kh2 f6 30. Bf4 Rxh1+ 31. Kxh1 Rc3 32. Na2 Rxc4 33. Nxb4 Rxb4 34. h4
f5 35. f3 Kd7 36. Rd2+ Kc6 37. Rc2+ Kb5 38. Be3 fxe4 39. Bf1+ Ka4 40. Be2 Kb3
41. Bd1 exf3 42. Bd2 Bxc2 43. Bxc2+ Kxc2 44. Bxb4 f2 45. Kg2 b6 46. Kxf2 c5 47.
Be1 c4 48. Ke2 a5 49. Ke3 Kd1 50. Kf2 b5 51. Bxa5 Kc2 52. Ke3 Kb3 53. Kd4 b4 54.
Kc5 c3 55. Bxb4 c2 56. Bd2 Kb2 57. Kc4 c1=Q+ 58. Bxc1+ Kxc1 59. Kd5 Kd2 60. Ke5
Ke3 61. Kf5 Kd4 62. Kg6 Ke4 63. Kxh5 Kf5 1/2-1/2

[Event "Challenge"]
[Site "http://www.queenalice.com/game.php?id=386218"]
[Date "2008.4.12"]
[Round "-"]
[White "Red1"]
[Black "Gadou"]
[Result "0-1"]
[WhiteElo "1356"]
[BlackElo "1375"]

1. d4 c6 2. e4 b5 3. c3 e6 4. f3 Qf6 5. Qd3 Ba6 6. Be3 b4 7. Qd2 Bxf1 8. Kxf1 a5
9. Ne2 h6 10. Qc2 Na6 11. Nd2 Qd8 12. g4 g5 13. Qa4 Nf6 14. e5 Nd5 15. Nc4 Nxe3+
16. Kf2 Nxc4 17. cxb4 Nxb2 18. Qb3 Nxb4 19. Qxb2 Nd3+ 20. Ke3 Nxb2 21. a4 Nc4+
22. Kd3 Nb2+ 23. Kc3 Rb8 24. Rab1 Nxa4+ 25. Kc2 Rxb1 26. Rxb1 Bb4 27. Rxb4 axb4
28. Nc1 Qc7 29. Nb3 d6 30. Na1 c5 31. Nb3 cxd4+ 32. Kd3 Qc3+ 33. Ke2 dxe5 34.
Nd2 Qe3+ 35. Kf1 Qxd2 36. Kg1 b3 37. h3 b2 38. Kf1 b1=Q# 0-1

[Event "Challenge"]
[Site "http://www.queenalice.com/game.php?id=396236"]
[Date "2008.5.1"]
[Round "-"]
[White "soccer6"]
[Black "Red1"]
[Result "1-0"]
[WhiteElo "1556"]
[BlackElo "1337"]

1. e4 e5 2. Nf3 Qe7 3. g3 d6 4. Bg2 f6 5. O-O c6 6. Nc3 Nd7 7. a3 Nc5 8. b4 Nd7
9. d4 d5 10. Qd3 Qd8 11. exd5 Ne7 12. Qc4 cxd5 13. Nxd5 Nb6 14. Qb5+ Bd7 15. Qc5
Nbxd5 16. Bd2 b6 17. Qd6 Nc7 18. a4 Qb8 19. b5 a6 20. c4 a5 21. Qa3 Ng6 22. Qb3
Qd8 23. Be3 Qe7 24. Qd3 Qb4 25. Rfb1 Qd6 26. h3 Nf4 27. Qe4 Nxg2 28. Kxg2 O-O-O
29. dxe5 Qe6 30. Bd4 Qxc4 31. Nd2 Qe6 32. Rc1 Qxh3+ 33. Kg1 Qg4 34. Qc2 Qxd4 35.
Qxc7# 1-0

[Event "Challenge"]
[Site "http://www.queenalice.com/game.php?id=397258"]
[Date "2008.5.3"]
[Round "-"]
[White "Red1"]
[Black "Gadou"]
[Result "0-1"]
[WhiteElo "1332"]
[BlackElo "1426"]

1. d4 d5 2. c4 c6 3. Nf3 dxc4 4. e4 Qa5+ 5. Bd2 Qb5 6. b3 Qh5 7. h3 f5 8. Bxc4
fxe4 9. Ng1 Qxd1+ 10. Kxd1 b5 11. Be2 Bf5 12. Bg4 Bg6 13. Bb4 a5 14. Bd2 e6 15.
Bxe6 Na6 16. Bxa5 Rd8 17. Ne2 Nf6 18. Bg4 Rd5 19. Nbc3 Rd6 20. Bc8 Nb8 21. Nf4
Rxd4+ 22. Ke2 Bd6 23. Nxg6 hxg6 24. h4 Nh5 25. Bg4 Nf4+ 26. Ke3 Rd3+ 27. Kxe4
Rd2 28. Rad1 Rxd1 29. Rxd1 Nxg2 30. Rxd6 O-O 31. Rxg6 Nxh4 32. Bc7 Nxg6 33. Bd6
Rxf2 34. Bf5 b4 35. Bc5 bxc3 36. Bxf2 c2 37. Be3 Nh4 38. Be6+ Kf8 39. Kd3 Ng2
40. Bg5 Ne1+ 41. Kd2 Nf3+ 42. Kxc2 Nxg5 43. Bc4 c5 44. a4 Nc6 45. Kc3 Ne4+ 46.
Kd3 Nd6 47. Bd5 Nb4+ 48. Kc3 Nxd5+ 49. Kd3 g5 50. Ke2 c4 51. bxc4 Nxc4 52. Kf3
Kf7 53. Kg4 Kf6 54. a5 Nxa5 55. Kh5 Nf4+ 56. Kh6 g4 57. Kh7 g3 58. Kh8 g2 59.
Kh7 g1=Q 60. Kh8 Nc6 61. Kh7 Qg6+ 62. Kh8 Qg7# 0-1

[Event "Little Buddy:)"]
[Site "http://www.queenalice.com/game.php?id=397259"]
[Date "2008.5.3"]
[Round "-"]
[White "Gadou"]
[Black "Red1"]
[Result "1-0"]
[WhiteElo "1408"]
[BlackElo "1346"]

1. e4 e5 2. Qh5 g6 3. Qxe5+ Qe7 4. Qxh8 Bg7 5. Qxg7 Nf6 6. Qh8+ Qf8 7. Qxf6 Qe7
8. Qh8+ Qf8 9. Qxf8+ Kxf8 10. d3 Nc6 11. Bh6+ Ke7 12. Nc3 Ne5 13. Nd5+ Kd6 14.
Bf8+ Ke6 15. Nxc7+ Kf6 16. Nxa8 Ke6 17. Nc7+ Kf6 18. h3 Nc6 19. g4 Nd8 20. f4
Ne6 21. e5# 1-0

[Event "Challenge"]
[Site "http://www.queenalice.com/game.php?id=407925"]
[Date "2008.5.25"]
[Round "-"]
[White "Red1"]
[Black "Gadou"]
[Result "0-1"]
[WhiteElo "1316"]
[BlackElo "1404"]

1. d4 d5 2. c4 dxc4 3. e4 Qd6 4. Bxc4 c6 5. Bd2 Qxd4 6. Qe2 Qxb2 7. Bc3 Qxe2+ 8.
Bxe2 f6 9. Nd2 h5 10. Ngf3 a5 11. Nb3 b6 12. Bd4 c5 13. Be3 Nc6 14. Rc1 e5 15.
Nxc5 bxc5 16. Bxc5 Bxc5 17. Rxc5 Rb8 18. Rxc6 Rb1+ 19. Bd1 Ne7 20. Nd2 Ra1 21.
Rc5 O-O 22. Rxa5 Bb7 23. Ra7 Ba8 24. Rxe7 Rd8 25. Ke2 Rxa2 26. Rc7 Raxd2+ 27.
Ke1 Rxd1+ 28. Ke2 Rxh1 29. Rc2 Bxe4 30. Rd2 Rxd2+ 31. Kxd2 Bxg2 32. Ke3 f5 33.
f3 Rxh2 34. Kf2 Bxf3+ 35. Kxf3 h4 36. Ke3 g5 37. Kf3 g4+ 38. Ke3 g3 39. Kf3 g2
40. Kf2 h3 41. Kg3 g1=Q+ 42. Kh4 Qg4# 0-1

[Event "Challenge"]
[Site "http://www.queenalice.com/game.php?id=408177"]
[Date "2008.5.26"]
[Round "-"]
[White "Red1"]
[Black "samuelrmgs"]
[Result "1-0"]
[WhiteElo "1329"]
[BlackElo "1317"]

1. d4 d5 2. c4 dxc4 3. e4 e6 4. Bxc4 Bb4+ 5. Bd2 Qe7 6. Qa4+ Bd7 7. Qxb4 Nc6 8.
Qxb7 Rb8 9. Qxc7 Rxb2 10. Qg3 Nxd4 11. Qc3 Rb6 12. Qxd4 Qd8 13. Qxg7 Qf6 14. Qg3
Qxa1 15. Ne2 Qxb1+ 16. Nc1 Rb2 17. Qd3 Rc2 18. Qb3 Rb2 19. Qd3 Rc2 20. Ke2 Ba4
21. Rd1 Ne7 22. Bb3 Bxb3 23. axb3 Kf8 24. Ke3 Rg8 25. Qa6 Kg7 26. Qxa7 Rgc8 27.
Qd4+ f6 28. Qd3 Rd8 29. Qxd8 Nc6 30. Qd3 Ne5 31. Qd6 Nf7 32. Qxe6 h5 33. Ne2
Qxd1 34. Nc3 Qf1 35. e5 Qxg2 36. exf6+ Kh6 37. Qxf7 Qg5+ 38. Ke4 Qxd2 39. Qg7#
1-0

[Event "josh_hh-2"]
[Site "http://www.queenalice.com/game.php?id=408277"]
[Date "2008.5.26"]
[Round "1"]
[White "josh_hh"]
[Black "Red1"]
[Result "0-1"]
[WhiteElo "1281"]
[BlackElo "1304"]

1. a4 e5 2. Ra3 Bxa3 3. bxa3 d5 4. Nc3 Be6 5. Bb2 d4 6. Ne4 f5 7. Bxd4 Qxd4 8.
Ng3 Nd7 9. h4 Qxa4 10. h5 Bf7 11. d3 Qxa3 12. Nxf5 Ndf6 13. Nxg7+ Kf8 14. Nf5
Rd8 15. g3 Nxh5 16. f3 Rd5 17. g4 Ra5 18. gxh5 Rb5 19. c4 Rb2 20. Rh4 Qb4+ 21.
Kf2 Qb6+ 22. Ke1 Qxg1 23. Re4 Nf6 24. Rxe5 Nxh5 25. Rc5 Bg6 26. Nh6 Qg3# 0-1

[Event "josh_hh-2"]
[Site "http://www.queenalice.com/game.php?id=408279"]
[Date "2008.5.26"]
[Round "2"]
[White "Red1"]
[Black "daveslops"]
[Result "1-0"]
[WhiteElo "1300"]
[BlackElo "1227"]

1. d4 b6 2. e4 Ba6 3. Bxa6 Nxa6 4. Qe2 Qc8 5. Bd2 g6 6. Nf3 Bg7 7. Nc3 Nb4 8.
O-O-O Bh6 9. Bxh6 Nxh6 10. a3 Nc6 11. h3 a5 12. Qe3 e6 13. Qxh6 Qa6 14. b4 axb4
15. axb4 Qa1+ 16. Kd2 Qb2 17. Rb1 Qa3 18. Ra1 Qxa1 19. Rxa1 Rxa1 20. Ng5 Rf1 21.
Qg7 Rxf2+ 22. Ke3 Rxg2 23. Qxh8+ Ke7 24. Qxh7 Rxg5 25. Qh4 f6 26. Qh7+ Kd6 27.
Qg7 Nxb4 28. Qxf6 Rg3+ 29. Kf4 Rxc3 30. Qxg6 Nxc2 31. Qf6 Rxh3 32. Qe5+ 1-0

[Event "soccer6-2"]
[Site "http://www.queenalice.com/game.php?id=408905"]
[Date "2008.5.27"]
[Round "2"]
[White "fredofm"]
[Black "Red1"]
[Result "1/2-1/2"]
[WhiteElo "1374"]
[BlackElo "1319"]

1. d4 d5 2. e3 c6 3. Nc3 f6 4. e4 Qd6 5. e5 fxe5 6. Nf3 Bg4 7. Be2 Be6 8. Nxe5
Nf6 9. Nxd5 Nxd5 10. Bh5+ Kd8 11. h3 Nd7 12. Nf7+ Kc7 13. Nxd6 Kxd6 14. Bf3 Nf4
15. O-O Ng6 16. Qd3 Kc7 17. d5 cxd5 18. Bxd5 Bxd5 19. Qxd5 Nf6 20. Qc4+ Kd8 21.
Rd1+ Ke8 22. Bg5 Rd8 23. Qa4+ Rd7 24. Bxf6 gxf6 25. Qxd7+ Kf7 26. Re1 1/2-1/2

[Event "little buddy"]
[Site "http://www.queenalice.com/game.php?id=426377"]
[Date "2008.7.2"]
[Round "-"]
[White "Gadou"]
[Black "Red1"]
[Result "1-0"]
[WhiteElo "1400"]
[BlackElo "1313"]

1. e4 e5 2. Bc4 f6 3. Qf3 c6 4. Qb3 d6 5. Bf7+ Ke7 6. Bc4 d5 7. Qb4+ Ke8 8. Qa4
dxc4 9. Qxc4 Na6 10. Nf3 Ke7 11. d4 Be6 12. Qa4 Rc8 13. Qa3+ Ke8 14. Qa4 Qd7 15.
c3 b5 16. Qxa6 Kd8 17. Be3 Be7 18. Qa5+ Ke8 19. O-O Qc7 20. Qxc7 Rxc7 21. Nbd2
Nh6 22. h3 a6 23. a4 bxa4 24. Rxa4 Rb7 25. b4 Bd7 26. Rb1 c5 27. dxc5 Bxa4 28.
Nb3 Bd7 29. Na5 Rb8 30. c6 Be6 31. c7 Rc8 32. Bb6 Rd8 33. cxd8=Q+ Kf7 34. Qxh8
Ng8 35. Rd1 Kg6 36. Rd6 Bxd6 37. Nh4+ Kh6 38. Be3+ Kh5 39. Qxh7+ Nh6 40. f3 Kxh4
41. Qxg7 Ng8 42. Qh7+ Nh6 43. Qxh6+ Kg3 44. Qxf6 Bxh3 45. Qxd6 Bc8 46. Qxe5+ Kh4
47. Qg5# 1-0

[Event "Challenge"]
[Site "http://www.queenalice.com/game.php?id=428235"]
[Date "2008.7.6"]
[Round "-"]
[White "soccer6"]
[Black "Red1"]
[Result "1-0"]
[WhiteElo "1353"]
[BlackElo "1298"]

1. e4 e5 2. Nf3 f6 3. g3 c6 4. Bg2 d5 5. O-O Be6 6. h3 h5 7. Nc3 Na6 8. a3 Nh6
9. d3 Bd6 10. Qe1 Nc5 11. Qe2 a5 12. Be3 1-0